00688nam a2200193 i 450000100060000000300090000600500170001500700030003200800410003510000230007624501070009925000150020626000430022130000300026470000290029485200320032399900170035595201220037255687ES-MaACL20230906163210.0t|030925s1966 sp ||||1| spa d1 aDetroux, L.94396914aLos herbicidas y su empleo / cpor L. Detroux ; adaptación y temática española, Juan Gostinehar. a[1ª ed.]. aVilassar de Mar : bOikos-Tau, c1966. a476 p. : bil. ; c19 cm.1 aGostinehar, Juan.959274 aES-MaACLjC-31918 bR.62396 c55687d55687 00104070aATENEOMbATENEOMcDEPO2d2008-01-17eSCl0oC-31918p1058500r2023-02-23 00:00:00w2023-02-23yMONOGRAFIA